Accounting : (Record no. 6886)
[ view plain ]
| 000 -LEADER | |
|---|---|
| fixed length control field | 01119cac a22002651u 4500 |
| 090 ## - LOCALLY ASSIGNED LC-TYPE CALL NUMBER (OCLC); LOCAL CALL NUMBER (OCLC) | |
| -- | 6886 |
| 008 - FIXED-LENGTH DATA ELEMENTS--GENERAL INFORMATION | |
| fixed length control field | 081201t1996xxu||||| |||| 00| 0 eng d |
| 010 ## - LIBRARY OF CONGRESS CONTROL NUMBER | |
| LC control number | 95032359 |
| 020 ## - INTERNATIONAL STANDARD BOOK NUMBER | |
| International Standard Book Number | 0256166862 |
| 082 00 - DEWEY DECIMAL CLASSIFICATION NUMBER | |
| Classification number | 657.3 |
| Item number | MAR |
| 100 ## - MAIN ENTRY--PERSONAL NAME | |
| Personal name | Marshall, David H. |
| 245 10 - TITLE STATEMENT | |
| Title | Accounting : |
| Remainder of title | what the Numbers Mean / |
| Statement of responsibility, etc | David H. Marshall, Wayne W. McManus. |
| 250 ## - EDITION STATEMENT | |
| Edition statement | 3rd ed. |
| 260 ## - PUBLICATION, DISTRIBUTION, ETC. (IMPRINT) | |
| Place of publication, distribution, etc | Chicago : |
| Name of publisher, distributor, etc | Irwin, |
| Date of publication, distribution, etc | c1996. |
| 300 ## - PHYSICAL DESCRIPTION | |
| Extent | xxiv, 629 p. : |
| Other physical details | ill. ; |
| Dimensions | 25 cm. |
| 440 #4 - | |
| -- | The Irwin series in undergraduate accounting |
| 500 ## - GENERAL NOTE | |
| General note | Previously published: A survey of accounting. 2nd ed. Homewood, IL : Irwin, c1993. |
| 500 ## - GENERAL NOTE | |
| General note | Includes index. |
| 650 #0 - SUBJECT ADDED ENTRY--TOPICAL TERM | |
| Topical term or geographic name as entry element | Accounting. |
| 650 #0 - SUBJECT ADDED ENTRY--TOPICAL TERM | |
| Topical term or geographic name as entry element | Managerial accounting. |
| 700 1# - ADDED ENTRY--PERSONAL NAME | |
| Personal name | McManus, Wayne W. |
| 942 ## - ADDED ENTRY ELEMENTS (KOHA) | |
| Item type | Book - Borrowing |
| Call number prefix | 657.3MAR |
| Source of classification or shelving scheme | Dewey Decimal Classification |
| Withdrawn status | Item status | Source of classification or shelving scheme | Damaged status | Not for loan | Vendor | Home library | Current library | Shelving location | Date acquired | Source of acquisition | Total Checkouts | Full call number | Barcode | Date last seen | Koha item type | Cost, normal purchase price | Serial Enumeration / chronology |
|---|---|---|---|---|---|---|---|---|---|---|---|---|---|---|---|---|---|
| Dewey Decimal Classification | Alahram | Central Library | Central Library | First floor | 09/12/2007 | 657.3 MAR | 000008542 | 15/07/2025 | Book - Borrowing | ||||||||
| Dewey Decimal Classification | Alahram | Central Library | Central Library | First floor | 02/02/2009 | 657.3 MAR | 000014499 | 15/07/2025 | Book - Borrowing | 100.00 | 6397 |